| 000 | 01344cam a2200361 i 4500 | ||
|---|---|---|---|
| 001 | 18622090 | ||
| 003 | OSt | ||
| 005 | 20230206171301.0 | ||
| 008 | 150515s2015 maua b 001 0 eng | ||
| 010 | _a 2015019023 | ||
| 020 | _a9781612125275 (pbk. : alk. paper) | ||
| 035 | _a(DNAL)1317245 | ||
| 040 |
_aDNAL/DLC _beng _cDNAL _erda _dDLC |
||
| 042 | _apcc | ||
| 050 | 0 | 0 |
_aS675.5 _b.H36 2015 |
| 100 | 1 | _aHansen, Steve, | |
| 245 | 1 | 0 |
_aMaintaining small-farm equipment : _bhow to keep tractors and implements running well / _cSteve & Ann Larkin Hansen. |
| 246 | 3 | 0 | _aHow to keep tractors and implements running well |
| 264 | 1 |
_aNorth Adams, MA : _bStorey Publishing, _c2015 |
|
| 300 |
_a108 p. _bill. |
||
| 336 |
_atext _2rdacontent |
||
| 337 |
_aunmediated _2rdamedia |
||
| 338 |
_avolume _2rdacarrier |
||
| 490 | 0 | _aStorey basics | |
| 504 | _aIncludes bibliographical references and index. | ||
| 650 | 0 |
_aFarm equipment _xMaintenance and repair. |
|
| 650 | 0 |
_aTractors _xMaintenance and repair. |
|
| 650 | 0 |
_aAgricultural implements _xMaintenance and repair. |
|
| 700 | 1 |
_aHansen, Ann Larkin, _eauthor. |
|
| 906 |
_a7 _bcbc _corignew _d1 _eecip _f20 _gy-gencatlg |
||
| 942 |
_2lcc _cBK |
||
| 999 |
_c19942 _d19941 |
||